000 00349nam a2200145Ia 4500
008 221007s9999 xx 000 0 und d
041 _aeng
082 _bRAD
100 _aRaddi Upasana D (2k81131)
_9102086
245 _aIT Solution Helpdesk
260 _c2010
_bPune University
_aPune
300 _a85p
520 _aLone Huma
906 _bGeneral
999 _c69244
_d69244